000 00670nam a2200289Ia 4500
005 20260324145601.0
008 008 260324s9999 xx 000 0 eng d
020 _a9780429338304
037 _aEBOOK
040 _aCRL
040 _beng
040 _cCRL
041 _2eng
041 _aeng
084 _qCRL
100 _aGordon Adams
_91223470
245 4 _aThe Politics of Defense Contracting
245 4 _bThe Iron Triangle
260 _bTaylor and Francis
260 _c1981
365 _a
365 _b205
856 _uhttp://www.taylorfrancis.com/books/9780429338304
942 _cEBOOK
999 _c1831592
_d1831592